00431nam a22001697a 4500003000400000008004100004020001800045082001200063100001800075245003600093260002800129300001300157650003600170700001800206700001700224700002000241OSt250426b |||||||| |||| 00| 0 eng d a9789384266998 a612 ARH aArora, Namita aHuman Anatomy and Physiology-II aDelhibBirla Pub.c2024 aviii,203 aHuman Anatomy and Physiology-II aArora, Pankaj aSharma, Amit asharma, Shurbhi